000 00988nam a22003137a 4500
003 CHAP
005 20220329135840.0
008 971013s1976 r 00010 d
010 _a43240
011 _a44212
035 _a48350
040 _cCHAP
082 _a025.171
_bM4
110 _aMéxico. Secretaría de la Presidencia de la Presidencia. Dirección General de Estudios Administrativos
_977193
245 _aArchivos
260 _a(México, D.F. :
_bLa Secretaría),
_c(1976)
300 _a186 p
490 _aColección seminarios
_v; 5
590 _aBATCH-UPD
_b10
_c20130110
_lUCH01
_h1823
590 _aBATCH-UPD
_b10
_c20130410
_lUCH01
_h1157
590 _aBATCH-UPD
_b10
_c20130914
_lUCH01
_h2020
590 _aCONVERSION
_b10
_c20130109
_lUCH01
_h1324
650 1 4 _aArchivos.
_96805
650 1 4 _aArchivos
_xMexico.
_96808
830 0 _aColección seminarios
_v; 5
_924979
901 _aBK
942 _cLIBRO
949 _a025.171 M4
_bBC
_cB
_d-109576
_eB
_h41081
_i48350
_mD
_si
999 _c43240
_d43240